[Event "Sokolka op 5th"]
[Site "Sokolka"]
[Date "2014.07.16"]
[Round "9"]
[White "Rusak, Jan"]
[Black "Zajac, Karol"]
[Result "1/2-1/2"]
[WhiteElo "1484"]
[BlackElo "1509"]
[PlyCount "51"]
[EventDate "2014.07.08"]
[EventType "swiss"]
[EventRounds "9"]
[EventCountry "POL"]
[SourceTitle "CBM 161 Extra"]
[Source "ChessBase"]
[SourceDate "2014.08.29"]
[SourceVersion "1"]
[SourceVersionDate "2014.08.29"]
[SourceQuality "1"]

1. d4 Nf6 2. c4 e6 3. Nf3 d5 4. g3 c6 5. Bg2 Nbd7 6. Nbd2 Bd6 7. Qc2 Qc7 8. b3 e5 9. dxe5 Nxe5 10. 0-0 dxc4 11. Nxc4 Nxc4 12. Qxc4 Be6 13. Qc2 Bd5 14. Bb2 Be4 15. Qc1 Be7 16. Be5 Qb6 17. Qf4 c5 18. Rad1 0-0 19. Bxf6 Bxf3 20. Qxf3 Bxf6 21. Qxb7 Rab8 22. Qd7 Qa5 23. Qd2 Bc3 24. Qc2 Rbd8 25. Be4 g6 26. Bd3 1/2-1/2

[Event "Sokolka op 5th"]
[Site "Sokolka"]
[Date "2014.07.13"]
[Round "6"]
[White "Zajac, Karol"]
[Black "Widelski, Kacper"]
[Result "0-1"]
[WhiteElo "1509"]
[BlackElo "1688"]
[PlyCount "52"]
[EventDate "2014.07.08"]
[EventType "swiss"]
[EventRounds "9"]
[EventCountry "POL"]
[SourceTitle "CBM 161 Extra"]
[Source "ChessBase"]
[SourceDate "2014.08.29"]
[SourceVersion "1"]
[SourceVersionDate "2014.08.29"]
[SourceQuality "1"]

1. Nf3 Nf6 2. g3 c5 3. Bg2 Nc6 4. c4 d5 5. cxd5 Nxd5 6. Nc3 Nc7 7. 0-0 e5 8. d3 Be7 9. Be3 Be6 10. Nd2 Qd7 11. Nde4 Na6 12. Rc1 Bh3 13. Bxh3 Qxh3 14. Nd5 h5 15. Ng5 Bxg5 16. Bxg5 f6 17. Bh4 0-0-0 18. Qb3 g5 19. Nxf6 gxh4 20. Rc4 Nd4 21. Rxd4 exd4 22. Rc1 hxg3 23. fxg3 h4 24. Nd5 hxg3 25. Ne7+ Kc7 26. Rxc5+ Nxc5 0-1

[Event "Rewal op-B 17th"]
[Site "Rewal"]
[Date "2012.08.??"]
[Round "2"]
[White "Jewulski, Krzysztof"]
[Black "Zajac, Karol"]
[Result "1-0"]
[WhiteElo "1950"]
[BlackElo "1545"]
[PlyCount "35"]
[EventDate "2012.08.20"]
[EventType "swiss"]
[EventRounds "9"]
[EventCountry "POL"]
[SourceTitle "EXT 2014"]
[Source "ChessBase"]
[SourceDate "2013.11.20"]
[SourceVersion "1"]
[SourceVersionDate "2013.11.20"]
[SourceQuality "1"]

1. d4 Nf6 2. c4 e6 3. Nf3 b6 4. g3 Bb7 5. Bg2 Bb4+ 6. Nc3 Ne4 7. Qb3 c5 8. 0-0 Bxc3 9. bxc3 d5 10. Rd1 dxc4 11. Qxc4 Ba6 12. Qa4+ Qd7 13. Qc2 Bxe2 14. Qxe4 Bxd1 15. Qxa8 0-0 16. Qe4 Rc8 17. Bf4 Qa4 18. Qb7 1-0

[Event "Rewal op-B 17th"]
[Site "Rewal"]
[Date "2012.08.??"]
[Round "3"]
[White "Zajac, Karol"]
[Black "Kalmuk, Krzysztof"]
[Result "0-1"]
[WhiteElo "1545"]
[BlackElo "1857"]
[PlyCount "108"]
[EventDate "2012.08.20"]
[EventType "swiss"]
[EventRounds "9"]
[EventCountry "POL"]
[SourceTitle "EXT 2014"]
[Source "ChessBase"]
[SourceDate "2013.11.20"]
[SourceVersion "1"]
[SourceVersionDate "2013.11.20"]
[SourceQuality "1"]

1. e4 c5 2. Nf3 e6 3. d4 cxd4 4. Nxd4 a6 5. Bd3 Nf6 6. Nc3 Qc7 7. 0-0 Be7 8. Qe2 d6 9. Be3 b5 10. f4 Bb7 11. Bf2 Nbd7 12. Rae1 0-0 13. g4 Nc5 14. g5 Nfd7 15. Qg4 b4 16. Nd1 d5 17. e5 Nxd3 18. cxd3 Bc5 19. Re2 Qb6 20. f5 exf5 21. Nxf5 Bxf2+ 22. Rfxf2 Rac8 23. Ne7+ Kh8 24. Nxc8 Bxc8 25. Qf3 Qd4 26. Qe3 Qg4+ 27. Rg2 Qe6 28. d4 a5 29. b3 Ba6 30. Rc2 Qf5 31. Qf2 Qe4 32. Nb2 f6 33. gxf6 Nxf6 34. Rxg7 Kxg7 35. exf6+ Kh8 36. f7 Qg6+ 37. Qg2 Qe6 38. Qg3 Rxf7 39. Qe5+ Rg7+ 40. Rg2 Qxe5 41. dxe5 Rc7 42. Rd2 Rc1+ 43. Kf2 d4 44. Kg3 d3 45. e6 Kg7 46. Kf4 Rc2 47. Rxd3 Bxd3 48. Nxd3 Kf6 49. h4 Kxe6 50. Kg5 Kf7 51. Ne5+ Kg8 52. h5 h6+ 53. Kf5 Rxa2 54. Nd3 Rd2 0-1

[Event "POL-chT IV GrB"]
[Site "Konin"]
[Date "2011.01.23"]
[Round "2"]
[White "Sroczynski, Maciej"]
[Black "Zajac, Karol"]
[Result "1-0"]
[WhiteElo "2283"]
[BlackElo "1547"]
[PlyCount "38"]
[EventDate "2011.01.23"]
[EventType "team-tourn"]
[EventRounds "9"]
[EventCountry "POL"]
[SourceTitle "EXT 2019"]
[Source "ChessBase"]
[SourceDate "2018.10.10"]
[SourceVersion "1"]
[SourceVersionDate "2018.10.10"]
[SourceQuality "1"]
[WhiteTeam "Kalisz KTS"]
[BlackTeam "Slesin M-GOK Gambit"]
[WhiteTeamCountry "POL"]
[BlackTeamCountry "POL"]

1. d4 d5 2. c4 Nf6 3. cxd5 Qxd5 4. Nc3 Qd8 5. e4 e6 6. Nf3 Bb4 7. Bd3 Nc6 8. 0-0 0-0 9. Bc2 Ne7 10. Qe2 b6 11. Rd1 Bb7 12. a3 Bxc3 13. bxc3 c6 14. a4 Qc7 15. Ba3 Rfd8 16. e5 Nfd5 17. c4 Nc3 18. Qd3 Nxd1 19. Qxh7+ Kf8 1-0

[Event "Rewal op-B 15th"]
[Site "Rewal"]
[Date "2010.08.18"]
[Round "1"]
[White "Zajac, Karol"]
[Black "Grabowski, Jan"]
[Result "0-1"]
[WhiteElo "1545"]
[BlackElo "1807"]
[PlyCount "70"]
[EventDate "2010.08.18"]
[EventType "swiss"]
[EventRounds "9"]
[EventCountry "POL"]
[SourceTitle "EXT 2014"]
[Source "ChessBase"]
[SourceDate "2013.11.20"]
[SourceVersion "1"]
[SourceVersionDate "2013.11.20"]
[SourceQuality "1"]

1. e4 e6 2. Nc3 d5 3. e5 c5 4. d4 Nc6 5. Be3 Qb6 6. Bb5 Bd7 7. Bxc6 Bxc6 8. b3 cxd4 9. Bxd4 Bc5 10. Nf3 Ne7 11. 0-0 Nf5 12. Bxc5 Qxc5 13. Qd2 0-0 14. Rad1 d4 15. Nxd4 Rad8 16. Nce2 Rd7 17. c3 Rfd8 18. Qf4 Bb5 19. Qc1 Nxd4 20. Rxd4 Bxe2 21. Rxd7 Rxd7 22. Re1 Bb5 23. Rd1 Qxc3 24. Re1 Qxc1 25. Rxc1 Bc6 26. a4 Kf8 27. f3 Ke7 28. Kf2 Rd5 29. f4 Rd3 30. b4 Bxa4 31. Rc7+ Rd7 32. Rxd7+ Kxd7 33. g3 Kc6 34. Ke3 Kb5 35. Kd4 Kxb4 0-1

[Event "POL-chT4B 0910"]
[Site "Wielkoposka"]
[Date "2010.01.10"]
[Round "2"]
[White "Zajac, Karol"]
[Black "Tomaszewski, Kacper"]
[Result "0-1"]
[WhiteElo "1600"]
[BlackElo "1710"]
[PlyCount "42"]
[EventDate "2010.01.10"]
[EventType "team-tourn"]
[EventRounds "9"]
[EventCountry "POL"]
[SourceTitle "EXT 2019"]
[Source "ChessBase"]
[SourceDate "2018.10.10"]
[SourceVersion "1"]
[SourceVersionDate "2018.10.10"]
[SourceQuality "1"]
[WhiteTeam "Slesin M-GOK Gambit"]
[BlackTeam "Jarocin JKSW"]
[WhiteTeamCountry "POL"]
[BlackTeamCountry "POL"]

1. e4 c5 2. Nc3 e6 3. Nf3 Nc6 4. Bc4 a6 5. a3 d6 6. d3 Nf6 7. 0-0 Be7 8. Be3 0-0 9. h3 d5 10. exd5 exd5 11. Bxd5 Nxd5 12. Nxd5 Qxd5 13. c4 Qd8 14. Re1 b6 15. Qd2 Bb7 16. Bg5 Bxg5 17. Nxg5 Nd4 18. Rad1 h6 19. Ne4 Qc7 20. Re3 f5 21. Ng3 f4 0-1